<?xml version="1.0" encoding="UTF-8"?>
<record
    xmlns:xsi="http://www.w3.org/2001/XMLSchema-instance"
    xsi:schemaLocation="http://www.loc.gov/MARC21/slim http://www.loc.gov/standards/marcxml/schema/MARC21slim.xsd"
    xmlns="http://www.loc.gov/MARC21/slim">

  <leader>01661nam a2200289 i 4500</leader>
  <controlfield tag="001">14972</controlfield>
  <controlfield tag="003">ES-MaACL</controlfield>
  <controlfield tag="005">20230906150942.0</controlfield>
  <controlfield tag="007">t|</controlfield>
  <controlfield tag="008">991123s1998    sp           ||||1| spa d</controlfield>
  <datafield tag="020" ind1=" " ind2=" ">
    <subfield code="a">84-7658-527-6</subfield>
  </datafield>
  <datafield tag="080" ind1=" " ind2=" ">
    <subfield code="a">5/6(091)"17"(063)</subfield>
  </datafield>
  <datafield tag="245" ind1="0" ind2="0">
    <subfield code="a">Despues de Newton : </subfield>
    <subfield code="b">ciencia y sociedad durante la primera revoluci&#xF3;n industrial / </subfield>
    <subfield code="c">Alberto Elena, Javier Ord&#xF3;&#xF1;ez, Mariano Colubi (comps.).</subfield>
  </datafield>
  <datafield tag="250" ind1=" " ind2=" ">
    <subfield code="a">1&#xAA; ed.</subfield>
  </datafield>
  <datafield tag="260" ind1=" " ind2=" ">
    <subfield code="a">Barcelona : </subfield>
    <subfield code="b">Anthropos, </subfield>
    <subfield code="c">1998.</subfield>
  </datafield>
  <datafield tag="300" ind1=" " ind2=" ">
    <subfield code="a">206 p. ; </subfield>
    <subfield code="c">20 cm.</subfield>
  </datafield>
  <datafield tag="490" ind1="1" ind2=" ">
    <subfield code="a">Tecnolog&#xED;a, ciencia, naturaleza y sociedad ; </subfield>
    <subfield code="v">9</subfield>
  </datafield>
  <datafield tag="505" ind1="8" ind2=" ">
    <subfield code="a">Contiene: De la revoluci&#xF3;n cient&#xED;fica a la revoluci&#xF3;n industrial . La marcha triunfal de un paradigma . La herencia newtoniana en la econom&#xED;a pol&#xED;tica del siglo XVIII . La fabricaci&#xF3;n de instrumentos cient&#xED;ficos en la era industrial . El nacimiento y desarrollo de los conceptos de trabajo y energ&#xED;a en el contexto de la mec&#xE1;nica pr&#xE1;ctica durante la primera revoluci&#xF3;n industrial . Ciencia y sociedad en Baviera, 1750-1850 . La ciencia bajo la Revoluci&#xF3;n francesa . Las academias provinciales y la supervivencia cultural en la Francia revolucionaria y post-revolucionaria</subfield>
  </datafield>
  <datafield tag="594" ind1=" " ind2=" ">
    <subfield code="a">Recoge, con ligeras modificaciones, las conferencias pronunciadas en un simposio internacional de historia de la ciencia, celebrado en noviembre de 1988</subfield>
  </datafield>
  <datafield tag="650" ind1=" " ind2="4">
    <subfield code="a">Ciencia-</subfield>
    <subfield code="v">Historia.</subfield>
    <subfield code="9">10954</subfield>
  </datafield>
  <datafield tag="700" ind1="1" ind2=" ">
    <subfield code="a">Elena, Alberto.</subfield>
    <subfield code="9">46927</subfield>
  </datafield>
  <datafield tag="700" ind1="1" ind2=" ">
    <subfield code="a">Ord&#xF3;&#xF1;ez, Javier.</subfield>
    <subfield code="9">87187</subfield>
  </datafield>
  <datafield tag="700" ind1="1" ind2=" ">
    <subfield code="a">Colubi, Mariano.</subfield>
    <subfield code="9">39907</subfield>
  </datafield>
  <datafield tag="830" ind1="1" ind2=" ">
    <subfield code="a">Tecnolog&#xED;a, ciencia, naturaleza y sociedad ; </subfield>
    <subfield code="v">9</subfield>
    <subfield code="9">178187</subfield>
  </datafield>
  <datafield tag="852" ind1="4" ind2=" ">
    <subfield code="a">ES-MaACL</subfield>
    <subfield code="j">L-22237</subfield>
  </datafield>
  <datafield tag="999" ind1=" " ind2=" ">
    <subfield code="c">14972</subfield>
    <subfield code="d">14972</subfield>
  </datafield>
  <datafield tag="952" ind1=" " ind2=" ">
    <subfield code="0">0</subfield>
    <subfield code="1">0</subfield>
    <subfield code="4">0</subfield>
    <subfield code="7">0</subfield>
    <subfield code="a">ATENEOM</subfield>
    <subfield code="b">ATENEOM</subfield>
    <subfield code="c">DEPO2</subfield>
    <subfield code="d">2008-01-17</subfield>
    <subfield code="e">SC</subfield>
    <subfield code="l">0</subfield>
    <subfield code="o">L-22237</subfield>
    <subfield code="p">1015223</subfield>
    <subfield code="r">2023-02-23 00:00:00</subfield>
    <subfield code="w">2023-02-23</subfield>
    <subfield code="y">MONOGRAFIA</subfield>
  </datafield>
</record>
